|
|
|
|
| LEADER |
00000nab a2200000 a 4500 |
| 001 |
vtls000404059 |
| 003 |
SK-MaSNL |
| 005 |
20260408045815.0 |
| 008 |
230214c1990 xo 0 slo |
| 015 |
|
|
|a SNBRB19rr/mm-uuuuu
|
| 035 |
|
|
|a CL0404183
|
| 035 |
|
|
|a urn:nbn:sk:snk-ab9ob
|
| 035 |
|
|
|a (urnnbn)urn:nbn:sk:snk:ar-a03c9m
|
| 035 |
|
|
|a (uuid)c1688eb5-1f3d-43cd-b769-8d8842a1adf6
|
| 040 |
|
|
|a SNKBUCL
|b slo
|c SNKBUCL
|e AACR2
|
| 041 |
0 |
|
|a slo
|
| 044 |
|
|
|a xo
|c SK
|
| 080 |
|
|
|a 616.1/.39-051
|2 1981
|
| 080 |
|
|
|a 378.124
|2 1981
|
| 080 |
|
|
|a 929 Ondrejička, Mikuláš
|2 1981
|
| 100 |
1 |
|
|a Pogády, Jozef,
|d 1924-2004
|4 aut
|9 142592
|
| 245 |
1 |
0 |
|a Prof. MUDr. Mikuláš Ondrejička
|c Jozef Pogády, Ivan Hulín ; Mikuláš Ondrejička
|
| 600 |
1 |
7 |
|a Ondrejička, Mikuláš,
|d 1910-1995
|2 snkbucl
|9 202736
|
| 600 |
1 |
7 |
|a Ondrejička, Mikuláš,
|d 1910-1995
|2 snkbucl
|9 202736
|
| 655 |
|
7 |
|a články z novín a časopisov
|2 snkbucl
|9 267496
|
| 700 |
1 |
|
|a Hulín, Ivan,
|d 1938-
|4 aut
|9 196653
|
| 773 |
0 |
|
|t Bratislavské lekárske listy
|g Roč. 91, č. 12 (1990), s. 921
|
| 850 |
|
|
|a Slovenská národná knižnica v Martine
|a MTA001
|
| 852 |
|
|
|a SNK
|b KIS3GCP
|
| 958 |
|
|
|a BX
|
| 958 |
|
|
|a RK
|
| 958 |
|
|
|a MI
|
| 958 |
|
|
|a OND
|
| 958 |
|
|
|a EUIPO
|
| 958 |
|
|
|a article27
|
| 992 |
|
|
|a RBX
|
| 999 |
|
|
|c 1925429
|d 1927359
|